| 000 | 00903cam a2200205 4500 | ||
|---|---|---|---|
| 001 | WB1619-19 | ||
| 008 | 000000n2000 000 0 eng u | ||
| 035 | _a(Sirsi) u105964 | ||
| 245 | _aMobile phones groups face curbs | ||
| 260 | _c2000 | ||
| 490 |
_aFinancial Times _v 12 May 2000, 1(1) |
||
| 520 | _aMobile phone operators are furious at tough outlined government policy on restrictions for the future building of masts and pressure for companies to stop marketing to the young. The tough approach has been triggered by the government-sponsored report "Mobile phones and health" which highlights potential health hazards to children. See WB3618-13 for a summary of the report. | ||
| 590 | _aWB | ||
| 650 | _aMOBILE PHONE MASTS | ||
| 650 | _aHEALTH HAZARDS | ||
| 650 | _aINDEPENDENT EXPERT GROUP ON MOBILE PHONES | ||
| 650 | _aCHILDREN | ||
| 690 |
_aHealth and safety _96244 |
||
| 942 | _n0 | ||
| 999 |
_c63446 _d63446 |
||